000 00798cam a2200289 a 4500
999 _c9734
_d9734
001 9734
003 BD-JhCC
005 20180324104352.0
008 180324s1986 maua 001 0 eng
020 _a0871508788
035 _a(BD-JhCC)9734
040 _aDLC
_cDLC
_dDLC
_dBD-JhCC
041 _aeng
050 0 0 _aQA152.2
_b.S965 1986
082 0 0 _a512/.13
_219
_bSWO 1986
100 1 _aSwokowski, Earl William,
_d1926-
245 1 0 _aAlgebra and trigonometry with analytic geometry /
_cEarl W. Swokowski.
250 _a6th ed.
260 _aBoston :
_bPrindle, Weber & Schmidt,
_cc1986.
300 _axi, 601, 58 p. :
_bill. ;
_c25 cm.
500 _aIncludes index.
650 0 _aAlgebra.
650 0 _aTrigonometry.
650 0 _aGeometry, Analytic.
942 _2ddc
_cBK